000 00784nam0a22002291 4500
001 rc\685709
005 20250621211932.0
035 _a(NLR Aleph) 005922754
090 _a6494722
_c6494722
100 _a20031121d1985 |||y0rusy50 ca
101 0 _arus
102 _aRU
105 _aa |||||||||
200 1 _aСамопомощь при бессоницах, стрессах и неврозах
_fПод науч. ред. д. м. н., проф. В.Т. Кондрашенко
_g[Пер. с нем. И.Н. Громыко, В.А. Кабановой]
210 _aМинск
_cПолымя
_d1985
215 _a77 с.
_cил.
_d20
700 1 _aБемиг
_bУ.
_gУльф
801 0 _aRU
_bNLR
_gpsbo
801 1 _aRU
_bELAR
_2rusmarc
852 _aNLR
_j87-4/1233
942 _cBOOK
980 _aNB